Statistiken für Top 30 Mächtigste Truppen

Klicken Sie hier um das Quiz zu spielen!

Allgemein

  • Dieses Quiz wurde 2,216 mal gespielt
  • Das Durchschnittsergebnis liegt bei 23 aus 30

Antwortstatistiken

Rang PwrIndx Land % Korrekt
10.0897Vereinigte Staaten
100%
20.0964Russland
99%
50.1993Frankreich
98%
30.0988China
98%
90.2646Deutschland
98%
60.2164Vereinigtes Königreich
92%
40.1661Indien
92%
100.2724Italien
89%
70.2466Japan
88%
270.4913Spanien
88%
250.4442Nordkorea
87%
150.3359Brasilien
87%
220.4192Kanada
85%
110.2824Südkorea
83%
210.4071Iran
83%
230.4209Australien
82%
80.2623Türkei
77%
240.4335Saudi-Arabien
75%
180.3909Polen
72%
130.3246Pakistan
72%
120.3056Ägypten
69%
300.5867Ukraine
67%
140.3354Indonesien
63%
160.3591Israel
62%
290.5774Schweden
52%
170.3684Vietnam
50%
200.4068Thailand
50%
280.5147Griechenland
43%
260.4514Algerien
39%
190.3958Taiwan
25%

Verteilung der Resultate

Perzentil nach korrekt beantworteten Fragen

Anzahl Personen mit jedem Resultat

Ihre Resultats-Entwicklung

Sie haben dieses Quiz noch nicht gespielt